Mamíferos marinos

Guardado en:
Detalles Bibliográficos
Autor principal: Cabrera, Ángel
Formato: Desconocido
Lenguaje:español
Publicado: Madrid Espasa-Calpe 1929
Catálogo:MANES:  Resultados de Búsqueda del Catálogo
Clasificación de libros de texto:
Colección:Libros de la naturaleza. Segunda serie
Etiquetas: Agregar Etiqueta
Sin Etiquetas, Sea el primero en etiquetar este registro!
Añadido a:2016-04-26
Cambiado en:2026-01-29

MARC

LEADER 000000000a22000000004500
001 34704
003 OSt
005 20260129165832.0
008 160427s sp ||||| |||| 00| 0 spa d
040 |a manes  |c manes 
041 |a Español 
100 1 |a Cabrera, Ángel  |9 17959 
245 0 0 |a Mamíferos marinos 
260 3 |a Madrid  |b Espasa-Calpe  |c 1929 
300 |a 94, 6 p. de lám.  |c 21 cm 
440 |a Libros de la naturaleza. Segunda serie  |9 20253 
500 |a Signatura: JE8/49. Enc. hol. editorial.  
690 |a CN 
691 0 |a SE 
942 |2 ddc  |c BK 
546 |a España 
999 |c 41702  |d 41702 
999 |c manes:41702  |d 41702